| 000 | 00388nam a2200145 i 4500 | ||
|---|---|---|---|
| 001 | bg | ||
| 100 | 1 | _aZIELENIEWSKI, Jan | |
| 245 | 0 |
_aOrganizacja zespołów ludzkich : _bwstęp do teorii organizacji i zarządzania / _cJan Zieleniewski. |
|
| 250 | _aWyd.6. | ||
| 260 |
_aWarszawa, _c1978. |
||
| 040 | _cBPK | ||
| 041 | _apol | ||
| 942 | _cKS | ||
| 008 | s pl f |000 0 pol | ||
| 999 |
_c18036 _d18036 |
||
| 856 |
_uhttp://koha.tu.koszalin.pl/cgi-bin/koha/opac-detail.pl?biblionumber=18036 _yKatalog online BPK |
||